| 000 | 00000nam##2200000za#4500 |
| 001 | 9.643034 |
| 003 | CaOODSP |
| 005 | 20210624224001 |
| 007 | cr ||||||||||| |
| 008 | 150407|2006||||xxc|||||o f|0| 0 fre|d |
| 040 | |aCaOODSP|bfre |
| 043 | |an-cn--- |
| 086 | 1 |aEn84-110/2006F-PDF |
| 110 | 1 |aCanada. |bEnvironnement Canada. |
| 245 | 10|aAtelier sur la surveillance écologique des milieux marins côtiers : |h[ressource électronique]|bcompte rendu des travaux du premier atelier sur la surveillance des milieux marins côtiers, Institut océanographique de Bedford, Halifax, N.-É. - du 7 au 9 février 2006 / |c[par] F. Hazel, M. Doyle, S. St. Jean, and S. Courtenay, rédacteurs. |
| 260 | |aOttawa - Ontario : |bEnvironnement Canada |c2006. |
| 300 | |a28p.|bglossaire |
| 590 | |a14-08-Supp|b2014-04-10 |
| 691 | 07|aÉcosystème aquatique|2gcpds |
| 691 | 07|aGestion de l'environnement|2gcpds |
| 775 | 08|tNearshore Marine Ecological Monitoring workshop : |w(CaOODSP)9.698962 |
| 856 | 40|ahttp://publications.gc.ca|qPDF|s146 Ko|uhttps://publications.gc.ca/collections/collection_2014/ec/En84-110-2006-fra.pdf |